Manual de la técnica de rejilla mediante el programa record v.2.0

Na minha lista:
Detalhes bibliográficos
Principais autores: Feixas, Guillem (Autor), Cornejo, José Manuel (Autor)
Formato: Livro
Idioma:espanhol
Publicado em: Barcelona Paidós 1996
Edição:1a. ed
coleção:Colección Evaluación Psicológica
Assuntos:
Tags: Adicionar Tag
Sem tags, seja o primeiro a adicionar uma tag!

MARC

LEADER 00000cam a2200000 a 4500
001 UCT4289
003 CL-VaPUC
008 961108e19960000SP |||||||||||||||||spa|d
020 |a 8449303176 
082 0 4 |a 155.028  |b FEI  |2 21 
100 0 |a Feixas, Guillem  |e author  |9 373544 
700 0 |a Cornejo, José Manuel  |e author  |9 373545 
245 1 0 |a Manual de la técnica de rejilla mediante el programa record v.2.0 
250 |a 1a. ed 
300 |a 95 p 
942 |c BK 
945 |d 19961108 00:00:00  |a nastorga 
260 |a Barcelona  |b Paidós  |c 1996 
650 0 |a Tests psicológicos  |9 308644 
650 0 |a Evaluación  |9 271902 
650 7 |a INSTRUMENTOS  |2 CL-VaPUC  |9 354981 
650 7 |a ENTREVISTA  |2 CL-VaPUC  |9 322146 
650 0 |a Gráficos   |9 351109 
650 0 |a Interpretación   |9 258846 
650 0 |a Metodología   |9 256610 
583 |a last modification  |c 20120910 02:00:56  |k Rodrigo Vera 
490 0 |a Colección Evaluación Psicológica 
999 |c 253696  |d 253694 
952 |0 0  |1 0  |4 0  |6 155_028000000000000_FEI_1996  |7 0  |8 A  |9 274736  |a BIBEDU  |b BIBEDU  |d 2019-11-19  |i 3250261  |o 155.028 FEI 1996  |p 3250261  |r 2019-11-19  |w 2019-11-19  |y BK  |k PSI 
952 |0 0  |1 0  |4 0  |6 155_028000000000000_FEI_1996  |7 0  |8 A  |9 274737  |a BIBEDU  |b BIBEDU  |d 2019-11-19  |i 4904109  |o 155.028 FEI 1996  |p 4904109  |r 2019-11-19  |w 2019-11-19  |y BK  |k PSI